[Event "EU Union-ch U10 20th"]
[Site "Mureck"]
[Date "2023.08.04"]
[Round "3"]
[White "Schmidt, Jossip"]
[Black "Konopatskyi, Aleksandr"]
[Result "1/2-1/2"]
[WhiteElo "1339"]
[BlackElo "1146"]
[PlyCount "86"]
[EventDate "2023.08.02"]
[EventType "swiss"]
[EventRounds "9"]
[EventCountry "AUT"]
[SourceTitle "EXT 2024"]
[Source "ChessBase"]
[SourceDate "2023.10.10"]
[SourceVersion "1"]
[SourceVersionDate "2023.10.10"]
[SourceQuality "1"]

1. d4 Nf6 2. c4 d6 3. Nc3 Bf5 4. Bf4 g6 5. e3 Bg7 6. Bd3 Nc6 7. Bxf5 gxf5 8. Nf3 e6 9. a3 a5 10. Qd3 h5 11. e4 fxe4 12. Nxe4 Nxe4 13. Qxe4 Qf6 14. Bg5 Qg6 15. Qxg6 fxg6 16. Rd1 Bh6 17. 0-0 Bxg5 18. Nxg5 e5 19. Rfe1 0-0 20. Ne6 Rf7 21. d5 Nd8 22. Nxd8 Rxd8 23. f3 Ra8 24. Rc1 b6 25. a4 Raf8 26. Re4 Rf4 27. Rce1 Kg7 28. Kf2 g5 29. Rxf4 Rxf4 30. Re4 Rxe4 31. fxe4 Kf6 32. h3 Kg6 33. Kg3 Kf6 34. h4 g4 35. Kf2 Ke7 36. Ke3 Kd7 37. Kd3 Kc8 38. Kc3 Kb7 39. b4 c5 40. dxc6+ Kxc6 41. b5+ Kd7 42. Kd3 Ke7 43. g3 Kd7 1/2-1/2

[Event "GER-ch U10"]
[Site "Willingen"]
[Date "2023.06.03"]
[Round "11"]
[White "Pflugbeil, Julian"]
[Black "Schmidt, Jossip"]
[Result "1-0"]
[WhiteElo "1242"]
[BlackElo "1276"]
[PlyCount "117"]
[EventDate "2023.05.27"]
[EventType "swiss"]
[EventRounds "11"]
[EventCountry "GER"]
[SourceTitle "CBM 214 Extra"]
[Source "ChessBase"]
[SourceDate "2023.07.31"]
[SourceVersion "1"]
[SourceVersionDate "2023.07.31"]
[SourceQuality "1"]

1. e4 d5 2. exd5 Qxd5 3. Nc3 Qd6 4. Nf3 a6 5. d4 Nf6 6. Be3 e6 7. Be2 Be7 8. Qd2 b5 9. 0-0 0-0 10. Bf4 Qd8 11. Ne5 Bb7 12. Rfe1 Bb4 13. Bd3 Nd5 14. Bg3 Nxc3 15. bxc3 Ba5 16. Re3 Kh8 17. Qe2 f6 18. Qh5 f5 19. Ng6+ Kg8 20. Nxf8 Qxf8 21. Rxe6 g6 22. Qg5 Nd7 23. Rae1 Bxc3 24. R1e2 Bxd4 25. Bxc7 Nc5 26. Rd6 Bg7 27. Rd8 Rxd8 28. Qxd8 Qxd8 29. Bxd8 Kf7 30. Re7+ Kf8 31. Rc7 Nxd3 32. cxd3 Bd5 33. a3 a5 34. Rc5 Bb3 35. Rxb5 a4 36. Ba5 Bb2 37. Bb4+ Kg7 38. Rc5 Bd4 39. Bc3 Bxc3 40. Rxc3 Kf6 41. Kf1 Ke5 42. Ke2 Bd5 43. g3 Bb3 44. Ke3 g5 45. d4+ Ke6 46. Kd3 Kf6 47. Rxb3 axb3 48. a4 Ke6 49. Kc3 Kd6 50. Kxb3 Kc6 51. Kc4 f4 52. d5+ Kd6 53. a5 fxg3 54. fxg3 h5 55. a6 Kc7 56. d6+ Kxd6 57. a7 Ke5 58. a8Q Kf5 59. Qf3+ 1-0

[Event "GER-ch U10"]
[Site "Willingen"]
[Date "2023.05.31"]
[Round "6"]
[White "Doescher, Rasmus"]
[Black "Schmidt, Jossip"]
[Result "1-0"]
[WhiteElo "1049"]
[BlackElo "1276"]
[PlyCount "113"]
[EventDate "2023.05.27"]
[EventType "swiss"]
[EventRounds "11"]
[EventCountry "GER"]
[SourceTitle "CBM 214 Extra"]
[Source "ChessBase"]
[SourceDate "2023.07.31"]
[SourceVersion "1"]
[SourceVersionDate "2023.07.31"]
[SourceQuality "1"]

1. d4 d5 2. c4 e6 3. Nc3 f5 4. Nf3 c6 5. Bf4 Nf6 6. e3 Be7 7. cxd5 exd5 8. Be2 0-0 9. 0-0 Ne4 10. Nxe4 fxe4 11. Ne5 Bg5 12. Bxg5 Qxg5 13. f4 exf3 14. Nxf3 Qxe3+ 15. Kh1 Nd7 16. Qd3 Qxd3 17. Bxd3 Nf6 18. Ng5 Bg4 19. Rae1 Rfe8 20. h3 Bd7 21. Nf3 Rxe1 22. Rxe1 Re8 23. Ne5 Bc8 24. Re2 Nd7 25. Nxd7 Bxd7 26. Rf2 Re1+ 27. Kh2 Rd1 28. Rf3 Rd2 29. Kg3 Rxb2 30. a3 Rb3 31. Bxh7+ Kxh7 32. Rxb3 b5 33. Re3 a5 34. Kf4 b4 35. axb4 axb4 36. Rb3 Kg6 37. Rxb4 Kf6 38. Rb7 Be8 39. g4 g5+ 40. Kg3 Ke6 41. h4 gxh4+ 42. Kxh4 Kf6 43. g5+ Kf5 44. Rb8 Bd7 45. Rf8+ Kg6 46. Rf1 Bc8 47. Rf6+ Kg7 48. Rxc6 Bf5 49. Kh5 Be4 50. Rc7+ Kg8 51. Kh6 Bd3 52. g6 Bxg6 53. Kxg6 Kf8 54. Rd7 Ke8 55. Rxd5 Kf8 56. Re5 Kg8 57. Re8# 1-0

[Event "GER-ch U10"]
[Site "Willingen"]
[Date "2022.06.05"]
[Round "1"]
[White "Vu, Khoi Nguyen"]
[Black "Schmidt, Jossip"]
[Result "1-0"]
[WhiteElo "1627"]
[BlackElo "1085"]
[PlyCount "81"]
[EventDate "2022.06.04"]
[EventType "swiss"]
[EventRounds "11"]
[EventCountry "GER"]
[SourceTitle "CBM 208 Extra"]
[Source "ChessBase"]
[SourceDate "2022.07.31"]
[SourceVersion "1"]
[SourceVersionDate "2022.07.31"]
[SourceQuality "1"]

1. e4 e5 2. Nf3 Nc6 3. Bc4 Bc5 4. Nc3 Nf6 5. d3 h6 6. Be3 Bxe3 7. fxe3 d6 8. Qd2 Qe7 9. 0-0-0 Be6 10. Bb3 0-0-0 11. Nd5 Bxd5 12. exd5 Nb8 13. e4 Nbd7 14. Qf2 Kb8 15. Nd2 Nc5 16. Nc4 Nxb3+ 17. axb3 Nd7 18. Rhf1 f6 19. Kb1 Rhf8 20. Ka2 Nb6 21. Ne3 Qd7 22. Ra1 a5 23. Kb1 a4 24. b4 Qb5 25. Qd2 Rc8 26. c4 Qa6 27. Nf5 Rf7 28. Rf3 c6 29. Nxd6 Rcc7 30. c5 Nc8 31. Nxf7 Rxf7 32. d6 Rd7 33. Qc2 b5 34. cxb6 Qxb6 35. Rxa4 Rxd6 36. Qc5 Qb7 37. Kc2 Qe7 38. Rf1 Na7 39. Rfa1 Nb5 40. Ra8+ Kc7 41. R1a7+ 1-0